000 01254nam0a22003131 4500
001 v19\rc\1285962
005 20060306184711.2
035 _a(NLR Aleph) 004434938
090 _a4320346
_c4320346
100 _a20060306e18461846|||y0rusy50 ca
101 0 _arus
102 _aRU
105 _ay z |||||
200 1 _aОбозрение казенных золотых промыслов Западной Сибири
_e(Отр. из Геол. путешествия по Алтаю, проф. Щуровского)
210 _aМосква
_cУнив. тип.
_dценз. 1846
215 _a44 с.
_d24
309 _aБез тит. л. и обл.
311 _aСтатья из № 5 журн. "Москвитянин". 1846 г.
488 0 _12001#$aМосквитянин$v1846, № 5
488 0 _12001#$aГеологическое путешествие по Алтаю
_1700#1$aЩуровский$bГ.Е.$f1803-1884$gГригорий Ефимович
700 1 _aЩуровский
_bГ. Е.
_f1803-1884
_gГригорий Ефимович
801 0 _aRU
_bNLR
_gpsbo
801 0 _aRU
_bRuMoRGB
_2psbo
801 1 _aRU
_bProSoft-M
_2rusmarc
852 _aNLR
_j18.6.3.94
899 _aБАН
899 _aГПИБ
942 _cBOOK
980 _aNB